000 00736nam a22002177a 4500
001 4370
003 FISKH
005 20240813112504.0
008 240813b cb ||||| |||| 00| 0 eng d
040 _aFISKH
_beng
_cFISKH
_dFISKH
050 _aPR5397.F7
082 _a823.7
100 _aShelley, Mary
245 _aFrankenstein /
_cBy Mary Wollstonecraft Shelley
260 _aPhnom Penh :
_bFootprints International School,
_c2024.
300 _a277 pages :
_c21 cm
520 _aA monster assembled by a scientist from parts of dead bodies develops a mind of his own as he learns to loathe himself and hate his creator.
650 _aEnglish literature
_vScience Fiction
_xFantasy
942 _2ddc
_cBK
_n0
999 _c4370
_d4370